| 000 | 00560nas a22002051c 4500 | ||
|---|---|---|---|
| 001 | zs0048 | ||
| 008 | 121210m1999 gw |||| 000u rus d | ||
| 020 |
_a9785922204620 _9978-5-9222-0462-0 |
||
| 245 | 0 | 0 |
_aClio moderna : _bzarubežnaja istorija i istoriografija |
| 264 |
_aKazan', _c[2012] |
||
| 362 | 0 | _a1.1999 | |
| 650 | 0 | _aGeschichtsschreibung | |
| 651 | 0 | _aPolen | |
| 700 | 1 |
_aŠarifžanov, Izmail I. _eHerausgeberIn |
|
| 710 | 2 | _aKazanskij federal'nyj universitet | |
| 910 | 0 | 0 | _a8.2011 |
| 942 | _cMG | ||
| 040 | _cRU-10907106 | ||
| 003 | RU-10907106 | ||
| 999 |
_c32858 _d32858 |
||